Представление документа в формате RUSMARC

ПолеНазваниеЗначение
  Тип записи a
  Библиографический уровень m
001 Контрольный номер 44d19e8d336b4b90a1f67465929f08d9
005 Дата корректировки 20140624113643.0
010 Индекс ISBN __
a ISBN 5-16-000930-2
200 Заглавие и сведения об ответственности 1_
a Заглавие Заработная плата
f Первые сведения об ответственности Сост.А.В.Верховцев
205 Сведения об издании __
b Дополнительные сведения об издании 6-е изд.перераб.и доп.
210 Выходные данные 1_
a Место издания М.
c Издательство ИНФРА-М
d Дата издания 2002
215 Физическое описание __
a Объем 150 с.
225 Серия 2_
a Серия Б-ка журн."Трудовое право Российской Федерации"
300 Общие примечания __
a Общие примечания 3экз.
610 Ключевые слова 0_
a Ключевые слова заработная плата
610 Ключевые слова 0_
a Ключевые слова оплата труда
686 Индексы других классификаций __
a Классификационный индекс 65.9(2)24
2 Код системы rubbk
686 Индексы других классификаций __
a Классификационный индекс 65.9(2)245
2 Код системы rubbk
801 Источник записи _0
a Страна RU
b Организация РУК
c Дата составления 20040213
g Правила каталогизации PSBO
801 Источник записи _1
a Страна RU
b Организация РУК
c Дата составления 20040213
g Правила каталогизации PSBO
852 Данные о местонахождении __
i Авторский знак З-34
j Шифр хранения ББК 65.9(2)24
901 Тип документа __
t Тип документа m
938 Служебная информация __
a Название организации Головной вуз
b Имя БД BOOK
c Название АИБС АИБС ИРБИС